<?xml version="1.0" encoding="UTF-8"?>
<collection xmlns:xsi="http://www.w3.org/2001/XMLSchema-instance" xsi:schemaLocation="http://www.loc.gov/MARC21/slim http://www.loc.gov/standards/marcxml/schema/MARC21slim.xsd" xmlns="http://www.loc.gov/MARC21/slim">
 <record>
  <leader>00000ctm a22000003a 4500</leader>
  <controlfield tag="001">UP-99796217609117717</controlfield>
  <controlfield tag="003">Buklod</controlfield>
  <controlfield tag="005">20100129133101.0</controlfield>
  <controlfield tag="006">m     o  j        </controlfield>
  <controlfield tag="007">ta</controlfield>
  <controlfield tag="008">100129s2008    xx     d     r    |||| u|</controlfield>
  <datafield tag="035" ind1=" " ind2=" ">
   <subfield code="a">(iLib)UPD-00126600368</subfield>
  </datafield>
  <datafield tag="040" ind1=" " ind2=" ">
   <subfield code="a">DLS</subfield>
  </datafield>
  <datafield tag="041" ind1=" " ind2=" ">
   <subfield code="a">eng</subfield>
  </datafield>
  <datafield tag="090" ind1=" " ind2=" ">
   <subfield code="a">LG 993.5 2008 L4</subfield>
   <subfield code="b">M46</subfield>
  </datafield>
  <datafield tag="100" ind1="0" ind2=" ">
   <subfield code="a">Mendoza, Adeo Cyrus R.</subfield>
   <subfield code="e">author.</subfield>
  </datafield>
  <datafield tag="245" ind1="0" ind2="2">
   <subfield code="a">A study on the application of LIS information technology subjects in BLIS graduates' work and job opportunities</subfield>
   <subfield code="c">Adeo Cyrus R. Mendoza ; Johann Frederick A. Cabbab, adviser.</subfield>
  </datafield>
  <datafield tag="264" ind1=" " ind2="1">
   <subfield code="a">Quezon City : School of Library and Information Studies, University of the Philippines Diliman</subfield>
   <subfield code="c">2008.</subfield>
  </datafield>
  <datafield tag="300" ind1=" " ind2=" ">
   <subfield code="a">xi, [70] leaves</subfield>
   <subfield code="b">illustrations</subfield>
  </datafield>
  <datafield tag="500" ind1=" " ind2=" ">
   <subfield code="a">Vita.</subfield>
  </datafield>
  <datafield tag="502" ind1=" " ind2=" ">
   <subfield code="a">Thesis (Bachelor of Library and Information Science)--University of the Philippines Diliman</subfield>
   <subfield code="d">April 2008.</subfield>
  </datafield>
  <datafield tag="520" ind1="3" ind2=" ">
   <subfield code="a">The developments in technology have made great impacts in the field of Librarianship. Information today comes in a wide variety of formats with different means of storage and retrieval.  That is why Librarians and Information Professionals are now obliged to educate themselves with IT in order to face the current demands of the clientele.  It is in this light that this study focused on the application of LIS Information Technology subjects in the work of graduates of Bachelor of Library and Information Science.</subfield>
  </datafield>
  <datafield tag="520" ind1="3" ind2=" ">
   <subfield code="a">The respondents were expected to assess which LIS 160 series subjects are most often applied in actual work. Among the topics covered by LIS 160 series subjects, the top three most useful in the work of the respondents are as follows: LIS 160: &quot;The Internet and the World Wide Web&quot; (84.31), LIS 160: &quot;Information Storage and Retrieval Techniques&quot; (78.43), and LIS 160: &quot;Application of IT to Library and Information Science&quot; (70.59).</subfield>
  </datafield>
  <datafield tag="520" ind1="3" ind2=" ">
   <subfield code="a">On the other hand, LIS 161 got an 85.71 response and was determined by the respondents as the most useful subject among the LIS 160 series subjects. Graduates' IT positions include Programmer, Network Administrator, Web Developer, and Systems Analyst.  These jobs are applicable inside and outside of the Library.</subfield>
  </datafield>
  <datafield tag="650" ind1="1" ind2="7">
   <subfield code="a">Workplace literacy</subfield>
   <subfield code="z">Philippines.</subfield>
  </datafield>
  <datafield tag="650" ind1="1" ind2="7">
   <subfield code="a">Information science</subfield>
   <subfield code="x">Vocational guidance</subfield>
   <subfield code="z">Philippines</subfield>
   <subfield code="z">Quezon City.</subfield>
  </datafield>
  <datafield tag="650" ind1="1" ind2="7">
   <subfield code="a">Library science</subfield>
   <subfield code="x">Information technology</subfield>
   <subfield code="x">Study and teaching (Higher)</subfield>
   <subfield code="z">Philippines</subfield>
   <subfield code="z">Quezon City.</subfield>
  </datafield>
  <datafield tag="650" ind1="1" ind2="7">
   <subfield code="a">Library science</subfield>
   <subfield code="x">Vocational guidance</subfield>
   <subfield code="z">Philippines</subfield>
   <subfield code="z">Quezon City.</subfield>
  </datafield>
  <datafield tag="650" ind1="1" ind2="7">
   <subfield code="a">Library education</subfield>
   <subfield code="x">Curricula</subfield>
   <subfield code="z">Philippines</subfield>
   <subfield code="z">Quezon City.</subfield>
  </datafield>
  <datafield tag="700" ind1="1" ind2=" ">
   <subfield code="a">Cabbab, Johann Frederick A.</subfield>
   <subfield code="e">adviser.</subfield>
  </datafield>
  <datafield tag="905" ind1=" " ind2=" ">
   <subfield code="a">FI</subfield>
  </datafield>
  <datafield tag="905" ind1=" " ind2=" ">
   <subfield code="a">UP</subfield>
  </datafield>
  <datafield tag="852" ind1="0" ind2=" ">
   <subfield code="a">UPD</subfield>
   <subfield code="b">DLS</subfield>
   <subfield code="h">LG 993.5 2008 L4 M46</subfield>
  </datafield>
  <datafield tag="942" ind1=" " ind2=" ">
   <subfield code="a">Thesis</subfield>
  </datafield>
 </record>
</collection>
